<?xml version="1.0" encoding="UTF-8"?>
<record
    xmlns:xsi="http://www.w3.org/2001/XMLSchema-instance"
    xsi:schemaLocation="http://www.loc.gov/MARC21/slim http://www.loc.gov/standards/marcxml/schema/MARC21slim.xsd"
    xmlns="http://www.loc.gov/MARC21/slim">

  <leader>00361nam a2200145Ia 4500</leader>
  <controlfield tag="008">191201s2005    xx            000 0 und d</controlfield>
  <datafield tag="082" ind1=" " ind2=" ">
    <subfield code="a">005.133</subfield>
    <subfield code="b">LAO</subfield>
  </datafield>
  <datafield tag="100" ind1=" " ind2=" ">
    <subfield code="a">LAFORE, Robert</subfield>
  </datafield>
  <datafield tag="245" ind1=" " ind2="0">
    <subfield code="a">Object oriented Programming in C++</subfield>
  </datafield>
  <datafield tag="250" ind1=" " ind2=" ">
    <subfield code="a">3rd</subfield>
  </datafield>
  <datafield tag="260" ind1=" " ind2=" ">
    <subfield code="a">N.Delhi</subfield>
    <subfield code="b">Galgotia Pub. Pvt</subfield>
    <subfield code="c">2005</subfield>
  </datafield>
  <datafield tag="300" ind1=" " ind2=" ">
    <subfield code="a">925</subfield>
  </datafield>
  <datafield tag="650" ind1=" " ind2=" ">
    <subfield code="a">B.Tech(CSE)</subfield>
  </datafield>
  <datafield tag="942" ind1=" " ind2=" ">
    <subfield code="2">ddc</subfield>
    <subfield code="c">BK</subfield>
    <subfield code="0">8</subfield>
  </datafield>
  <datafield tag="999" ind1=" " ind2=" ">
    <subfield code="c">1301</subfield>
    <subfield code="d">1301</subfield>
  </datafield>
  <datafield tag="952" ind1=" " ind2=" ">
    <subfield code="0">0</subfield>
    <subfield code="1">0</subfield>
    <subfield code="2">ddc</subfield>
    <subfield code="4">0</subfield>
    <subfield code="7">0</subfield>
    <subfield code="8">BTECHCSE</subfield>
    <subfield code="a">PIET</subfield>
    <subfield code="b">PIET</subfield>
    <subfield code="d">2006-08-22</subfield>
    <subfield code="e">M/s UBS, Delhi</subfield>
    <subfield code="g">320.00</subfield>
    <subfield code="k">125382</subfield>
    <subfield code="l">0</subfield>
    <subfield code="o">005.133 LAO</subfield>
    <subfield code="p">1972</subfield>
    <subfield code="r">2019-12-04 00:00:00</subfield>
    <subfield code="w">2005-08-18</subfield>
    <subfield code="y">BK</subfield>
  </datafield>
  <datafield tag="952" ind1=" " ind2=" ">
    <subfield code="0">0</subfield>
    <subfield code="1">0</subfield>
    <subfield code="2">ddc</subfield>
    <subfield code="4">0</subfield>
    <subfield code="7">0</subfield>
    <subfield code="8">BTECHCSE</subfield>
    <subfield code="a">PIET</subfield>
    <subfield code="b">PIET</subfield>
    <subfield code="d">2006-08-22</subfield>
    <subfield code="e">M/s UBS, Delhi</subfield>
    <subfield code="g">320.00</subfield>
    <subfield code="k">125382</subfield>
    <subfield code="l">0</subfield>
    <subfield code="o">005.133 LAO</subfield>
    <subfield code="p">1973</subfield>
    <subfield code="r">2019-12-04 00:00:00</subfield>
    <subfield code="w">2005-08-18</subfield>
    <subfield code="y">BK</subfield>
  </datafield>
  <datafield tag="952" ind1=" " ind2=" ">
    <subfield code="0">0</subfield>
    <subfield code="1">0</subfield>
    <subfield code="2">ddc</subfield>
    <subfield code="4">0</subfield>
    <subfield code="7">0</subfield>
    <subfield code="8">BTECHCSE</subfield>
    <subfield code="a">PIET</subfield>
    <subfield code="b">PIET</subfield>
    <subfield code="d">2006-08-22</subfield>
    <subfield code="e">M/s UBS, Delhi</subfield>
    <subfield code="g">320.00</subfield>
    <subfield code="k">125382</subfield>
    <subfield code="l">1</subfield>
    <subfield code="o">005.133 LAO</subfield>
    <subfield code="p">1974</subfield>
    <subfield code="r">2021-12-07 00:00:00</subfield>
    <subfield code="s">2021-11-23</subfield>
    <subfield code="w">2005-08-18</subfield>
    <subfield code="y">BK</subfield>
  </datafield>
  <datafield tag="952" ind1=" " ind2=" ">
    <subfield code="0">0</subfield>
    <subfield code="1">0</subfield>
    <subfield code="2">ddc</subfield>
    <subfield code="4">0</subfield>
    <subfield code="7">0</subfield>
    <subfield code="8">BTECHCSE</subfield>
    <subfield code="a">PIET</subfield>
    <subfield code="b">PIET</subfield>
    <subfield code="d">2006-08-17</subfield>
    <subfield code="e">M/s UBS, Delhi</subfield>
    <subfield code="g">320.00</subfield>
    <subfield code="k">125382</subfield>
    <subfield code="l">1</subfield>
    <subfield code="o">005.133 LAO</subfield>
    <subfield code="p">2401</subfield>
    <subfield code="r">2021-12-21 00:00:00</subfield>
    <subfield code="s">2021-12-07</subfield>
    <subfield code="w">2005-08-22</subfield>
    <subfield code="y">BK</subfield>
  </datafield>
  <datafield tag="952" ind1=" " ind2=" ">
    <subfield code="0">0</subfield>
    <subfield code="1">0</subfield>
    <subfield code="2">ddc</subfield>
    <subfield code="4">0</subfield>
    <subfield code="7">0</subfield>
    <subfield code="8">BTECHCSE</subfield>
    <subfield code="a">PIET</subfield>
    <subfield code="b">PIET</subfield>
    <subfield code="d">2013-05-09</subfield>
    <subfield code="e">IBH, New Delhi</subfield>
    <subfield code="g">410.00</subfield>
    <subfield code="k">1021</subfield>
    <subfield code="l">2</subfield>
    <subfield code="o">005.133 LAO</subfield>
    <subfield code="p">21945</subfield>
    <subfield code="r">2021-11-22 00:00:00</subfield>
    <subfield code="s">2021-11-09</subfield>
    <subfield code="w">2013-05-06</subfield>
    <subfield code="y">BK</subfield>
  </datafield>
  <datafield tag="952" ind1=" " ind2=" ">
    <subfield code="0">0</subfield>
    <subfield code="1">0</subfield>
    <subfield code="2">ddc</subfield>
    <subfield code="4">0</subfield>
    <subfield code="7">0</subfield>
    <subfield code="8">BTECHCSE</subfield>
    <subfield code="a">PIET</subfield>
    <subfield code="b">PIET</subfield>
    <subfield code="d">2013-05-09</subfield>
    <subfield code="e">IBH, New Delhi</subfield>
    <subfield code="g">410.00</subfield>
    <subfield code="k">1021</subfield>
    <subfield code="l">2</subfield>
    <subfield code="o">005.133 LAO</subfield>
    <subfield code="p">21946</subfield>
    <subfield code="r">2024-12-26 00:00:00</subfield>
    <subfield code="s">2024-12-02</subfield>
    <subfield code="w">2013-05-06</subfield>
    <subfield code="y">BK</subfield>
  </datafield>
  <datafield tag="952" ind1=" " ind2=" ">
    <subfield code="0">0</subfield>
    <subfield code="1">0</subfield>
    <subfield code="2">ddc</subfield>
    <subfield code="4">0</subfield>
    <subfield code="7">0</subfield>
    <subfield code="8">BTECHCSE</subfield>
    <subfield code="a">PIET</subfield>
    <subfield code="b">PIET</subfield>
    <subfield code="d">2013-05-09</subfield>
    <subfield code="e">IBH, New Delhi</subfield>
    <subfield code="g">410.00</subfield>
    <subfield code="k">1021</subfield>
    <subfield code="l">5</subfield>
    <subfield code="o">005.133 LAO</subfield>
    <subfield code="p">21947</subfield>
    <subfield code="r">2025-10-31 00:00:00</subfield>
    <subfield code="s">2025-10-08</subfield>
    <subfield code="w">2013-05-06</subfield>
    <subfield code="y">BK</subfield>
  </datafield>
  <datafield tag="952" ind1=" " ind2=" ">
    <subfield code="0">0</subfield>
    <subfield code="1">0</subfield>
    <subfield code="2">ddc</subfield>
    <subfield code="4">0</subfield>
    <subfield code="7">0</subfield>
    <subfield code="8">BTECHCSE</subfield>
    <subfield code="a">PIET</subfield>
    <subfield code="b">PIET</subfield>
    <subfield code="d">2013-05-09</subfield>
    <subfield code="e">IBH, New Delhi</subfield>
    <subfield code="g">410.00</subfield>
    <subfield code="k">1021</subfield>
    <subfield code="l">1</subfield>
    <subfield code="o">005.133 LAO</subfield>
    <subfield code="p">21948</subfield>
    <subfield code="r">2022-09-21 00:00:00</subfield>
    <subfield code="s">2022-09-08</subfield>
    <subfield code="w">2013-05-06</subfield>
    <subfield code="y">BK</subfield>
  </datafield>
  <datafield tag="952" ind1=" " ind2=" ">
    <subfield code="0">0</subfield>
    <subfield code="1">0</subfield>
    <subfield code="2">ddc</subfield>
    <subfield code="4">0</subfield>
    <subfield code="7">0</subfield>
    <subfield code="8">BTECHCSE</subfield>
    <subfield code="a">PIET</subfield>
    <subfield code="b">PIET</subfield>
    <subfield code="d">2013-05-09</subfield>
    <subfield code="e">IBH, New Delhi</subfield>
    <subfield code="g">410.00</subfield>
    <subfield code="k">1021</subfield>
    <subfield code="l">0</subfield>
    <subfield code="o">005.133 LAO</subfield>
    <subfield code="p">21949</subfield>
    <subfield code="r">2019-12-04 00:00:00</subfield>
    <subfield code="w">2013-05-06</subfield>
    <subfield code="y">BK</subfield>
  </datafield>
</record>
